|
|
|
|
| LEADER |
01467nam a2200253 u 4500 |
| 001 |
10019589 |
| 003 |
GR-PaULI |
| 005 |
20240525063257.0 |
| 008 |
881025s1965 gr gre |
| 952 |
|
|
|0 0
|1 0
|4 0
|6 142_780000000000000_Σ
|7 0
|9 176285
|a LISP
|b LISP
|c BSC
|d 2016-04-24
|i 36914
|l 0
|o 142.78 Σ
|p 025000076518
|r 2016-04-24 00:00:00
|t 1
|w 2016-04-24
|y BK15
|
| 952 |
|
|
|0 0
|1 0
|2 ddc
|4 0
|6 142_780000000000000_SAR
|7 0
|9 176286
|a LISP
|b LISP
|c BSC
|d 2016-04-24
|i 1798
|l 3
|o 142.78 SAR
|p 025000103775
|q 2024-12-17
|r 2024-11-26 15:43:08
|s 2024-11-26
|t 2
|w 2016-04-24
|y BK15
|x Μεταφορά Τμήματος Φιλολογίας
|
| 952 |
|
|
|0 0
|1 0
|2 ddc
|4 0
|6 142_780000000000000_SAR
|7 0
|9 326540
|a LISP
|b LISP
|c DON
|d 2021-07-02
|e ΓΑΛ
|i 144662
|l 0
|o 142.78 SAR
|p 025000270774
|r 2021-07-02 00:00:00
|t 3
|w 2021-07-02
|y BKN
|
| 999 |
|
|
|c 109605
|d 109605
|
| 040 |
|
|
|a GR-PaULI
|c GR-PaULI
|b gre
|e AACR2
|
| 082 |
0 |
4 |
|a 142.78
|2 23
|
| 100 |
1 |
|
|a Sartre, Jean-Paul,
|d 1905-1980
|e συγγραφέας.
|9 8066
|
| 245 |
1 |
3 |
|a Οι λέξεις και ο υπαρξισμός είν'ένας ανθρωπισμός /
|c Ζαν-Πωλ Σαρτρ ; Κώστα Σταματίου.
|
| 260 |
|
|
|a Αθήνα :
|b Ι. Δ. Αρσενίδης,
|c 1965.
|
| 300 |
|
|
|a 382 σ. ;
|c 22 εκ.
|
| 504 |
|
|
|a Περιλαμβάνει βιβλιογραφία.
|
| 650 |
|
4 |
|a Φιλοσοφία
|x Υπαρξισμός
|9 6977
|
| 700 |
1 |
|
|a Σταματίου, Κώστας
|9 8067
|e μεταφραστής.
|
| 942 |
|
|
|2 ddc
|c BK15
|
| 998 |
|
|
|c ΜΠΟΥΡΑΣ
|d 2021-07
|